[Event "Challenge"]
[Site "http://www.queenalice.com/game.php?id=332725"]
[Date "2008.1.7"]
[Round "-"]
[White "Carteiro"]
[Black "emiliano"]
[Result "0-1"]
[WhiteElo "1332"]
[BlackElo "1750"]

1. e4 e5 2. Nf3 Nc6 3. Bc4 Nf6 4. Nc3 Nxe4 5. Nxe4 d5 6. Bd3 f5 7. Nc3 e4 8. Be2
exf3 9. Bxf3 Qe7+ 10. Be2 Be6 11. d4 O-O-O 12. Bf4 g5 13. Bd2 Bg7 14. Nb5 a6 15.
Nc3 Bxd4 16. Qc1 Bxc3 17. Bxc3 d4 18. Bd2 h6 19. O-O f4 20. f3 Qc5 21. Kh1 Nb4
22. a3 Nxc2 23. Bb4 Qf5 24. Rb1 Ba2 25. b3 Nxb4 26. axb4 Bxb1 27. Qxb1 Qxb1 28.
Rxb1 d3 29. Bd1 d2 30. Kg1 Rhe8 31. Kf2 Re1 32. g3 Rd6 33. gxf4 gxf4 34. Kg2 Rc6
35. Kh3 Rc1 36. Rb2 Rcxd1 37. Kg4 Re2 38. Kxf4 Rde1 39. Rxd2 Rxd2 40. h4 Rd4+
41. Kf5 Rxb4 42. f4 Rxb3 43. Kg6 Rb4 44. h5 Re6+ 45. Kf5 Ree4 46. Kg6 Rxf4 47.
Kxh6 Rg4 48. Kh7 Rbd4 49. h6 Rd7+ 50. Kh8 Re4 51. Kg8 Re8# 0-1

[Event "AUTO-OPEN-961"]
[Site "http://www.queenalice.com/game.php?id=332836"]
[Date "2008.1.8"]
[Round "1"]
[White "Carteiro"]
[Black "PLDunton"]
[Result "0-1"]
[WhiteElo "1275"]
[BlackElo "1931"]

1. e4 e5 2. Nf3 Nc6 3. Bc4 Nf6 4. O-O d5 5. exd5 Nxd5 6. d3 Bg4 7. Bd2 Nd4 8.
Nc3 c6 9. h3 Nxf3+ 10. gxf3 Bxh3 11. Ne2 Bxf1 12. Qxf1 Be7 13. c3 Bg5 14. Be1
O-O 15. d4 Qf6 16. Bd3 exd4 17. cxd4 Nf4 18. Nxf4 Bxf4 19. Qh3 h6 20. Bc3 Qd6
21. Qf5 g6 22. Qh3 b5 23. b4 Qd5 24. Be4 Qg5+ 25. Kf1 Rac8 26. a4 bxa4 27. Rxa4
Qb5+ 28. Kg2 Qxa4 29. Qh4 Bg5 30. Qg3 Qb5 31. f4 Bxf4 32. Qxf4 Qg5+ 33. Kf3
Qxf4+ 34. Kxf4 f5 35. Bd3 Rfe8 36. Bc4+ Kf8 37. Bb2 Re4+ 38. Kf3 g5 39. Kg2 Rb8
40. Bc3 Rbe8 41. f3 Re3 42. Ba1 h5 43. b5 cxb5 44. Bxb5 Rc8 45. Kf2 f4 46. d5
Rc2+ 47. Be2 Rcxe2+ 48. Kg1 Rb3 49. Kf1 Ra2 50. Bc3 Rxc3 51. Ke1 Rc1# 0-1

[Event "AUTO-OPEN-961"]
[Site "http://www.queenalice.com/game.php?id=332837"]
[Date "2008.1.8"]
[Round "1"]
[White "PLDunton"]
[Black "Carteiro"]
[Result "1-0"]
[WhiteElo "1919"]
[BlackElo "1293"]

1. e4 d6 2. d4 e6 3. Nc3 Be7 4. Nf3 Bd7 5. Bc4 a6 6. Bf4 c5 7. dxc5 dxc5 8. O-O
Nc6 9. Ne5 Nxe5 10. Bxe5 Nf6 11. Be2 O-O 12. a3 b5 13. Qd2 Bc6 14. Bf3 Nd7 15.
Bf4 e5 16. Bg3 Nf6 17. Rad1 Qc7 18. Qe3 Rad8 19. Rd3 c4 20. Rxd8 Rxd8 21. Rd1 b4
22. axb4 Rb8 23. Nd5 Nxd5 24. exd5 Ba4 25. Bxe5 Bd6 26. Bxd6 Qxd6 27. b3 cxb3
28. cxb3 Be8 29. Re1 Kf8 30. Qe4 g6 31. Qd4 Rxb4 32. Qh8# 1-0

[Event "AUTO-OPEN-961"]
[Site "http://www.queenalice.com/game.php?id=332838"]
[Date "2008.1.8"]
[Round "1"]
[White "Carteiro"]
[Black "emiliano"]
[Result "1-0"]
[WhiteElo "1233"]
[BlackElo "1750"]

1. e4 e5 2. Nf3 Nc6 3. Bc4 Nf6 4. Nc3 Nxe4 5. Nxe4 d5 6. Bd3 f5 7. Ng3 e4 8. Be2
exf3 9. Bxf3 Qe7+ 10. Ne2 Be6 11. d4 O-O-O 12. c3 h6 13. Nf4 g5 14. Ng6 Qg7 15.
Nxh8 Bd6 16. Bd2 g4 17. Be2 Rxh8 18. b3 b5 19. Bxb5 Bd7 20. Ba6+ Kb8 21. Qe2 Re8
22. Be3 f4 23. Qb5+ 1-0

[Event "AUTO-OPEN-961"]
[Site "http://www.queenalice.com/game.php?id=332839"]
[Date "2008.1.8"]
[Round "1"]
[White "emiliano"]
[Black "Carteiro"]
[Result "1-0"]
[WhiteElo "1752"]
[BlackElo "1332"]

1. e4 d6 2. d4 e6 3. Nf3 Be7 4. Bb5+ c6 5. Ba4 d5 6. exd5 exd5 7. O-O Nf6 8. Nc3
O-O 9. Re1 b5 10. Bb3 a5 11. a3 a4 12. Ba2 Bg4 13. Qd3 Qd7 14. Ne5 Qc8 15. Nxg4
Nxg4 16. h3 Nxf2 17. Kxf2 Bh4+ 18. Kf1 Bxe1 19. Kxe1 Qe6+ 20. Qe2 Qf5 21. Qf2
Re8+ 22. Kf1 Qg6 23. Bf4 Nd7 24. Re1 Nf6 25. Rxe8+ Rxe8 26. Be5 Nh5 27. g4 Nf6
28. Bxf6 gxf6 29. Qf5 Qg7 30. Ne2 Qf8 31. Qxf6 Re6 32. Qg5+ Rg6 33. Qf5 Qe7 34.
Nf4 Rf6 35. Qg5+ Kf8 36. Kg2 Qe4+ 37. Kg3 h6 38. Qxf6 Qe3+ 39. Kh4 Qe1+ 40. Kh5
Qe7 41. Qxe7+ Kxe7 42. Kxh6 f6 43. Nh5 Kf7 44. Ng3 Ke6 45. Kg6 Ke7 46. Kg7 Ke6
47. Nf5 Kd7 48. h4 Kc7 49. h5 Kb6 50. h6 c5 51. dxc5+ Kxc5 52. h7 1-0

[Event "Challenge"]
[Site "http://www.queenalice.com/game.php?id=332877"]
[Date "2008.1.8"]
[Round "-"]
[White "BOSQUES"]
[Black "Carteiro"]
[Result "1-0"]
[WhiteElo "1471"]
[BlackElo "1293"]

1. d4 d6 2. c4 b6 3. Nc3 Nf6 4. e4 c5 5. d5 e6 6. Bg5 a6 7. a4 a5 8. Be2 Be7 9.
Bg4 Nxg4 10. Bxe7 Qxe7 11. Qxg4 O-O 12. Qf3 Ba6 13. b3 Nd7 14. Qe3 Qf6 15. Nf3
Rae8 16. O-O Ne5 17. Nxe5 dxe5 18. d6 Rd8 19. Rad1 Rd7 20. Rd2 Bb7 21. f3 Qg6
22. h3 f5 23. Kh2 f4 24. Qe1 Bc6 25. Rg1 Qh5 26. Nd1 g5 27. Nf2 Qg6 28. Qe2 h5
29. g3 Kh8 30. Nd3 Rxd6 31. Nxe5 Rxd2 32. Qxd2 Qe8 33. gxf4 h4 34. Rxg5 Rg8 35.
Rxg8+ Qxg8 36. Nxc6 Qg3+ 37. Kh1 Qxh3+ 38. Qh2 Qf1+ 39. Qg1 Qxf3+ 40. Qg2 Qxf4
41. Ne7 Qc1+ 42. Qg1 Qxg1+ 43. Kxg1 Kg7 44. Kg2 Kf6 45. Nc8 Ke5 46. Kh3 Kxe4 47.
Nxb6 Kd4 48. Kxh4 e5 49. Kg3 e4 50. Kf2 Kd3 51. Nd5 Kd4 52. Ke2 e3 53. Nxe3 Kc3
54. Nd5+ Kxb3 55. Nb6 Kc3 56. Ke3 Kb4 57. Ke4 Kc3 58. Kd5 Kb4 59. Kc6 Kc3 60.
Kxc5 Kb3 61. Kb5 Kc3 62. c5 Kd4 63. c6 Kc3 64. c7 Kd4 65. c8=Q Ke3 66. Qc4 Kf3
67. Qd4 Kg3 68. Nd5 Kf3 69. Nf6 1-0

[Event "Beleza Pêpe"]
[Site "http://www.queenalice.com/game.php?id=333806"]
[Date "2008.1.9"]
[Round "-"]
[White "superhomem222"]
[Black "Carteiro"]
[Result "0-1"]
[WhiteElo "1428"]
[BlackElo "1233"]

1. b3 e5 2. Bb2 d6 3. e4 Nf6 4. h3 Nxe4 5. Bd3 Nf6 6. g3 Nc6 7. a3 Be7 8. f3 d5
9. Ne2 Bc5 10. b4 Bd6 11. b5 Ne7 12. g4 e4 13. fxe4 dxe4 14. Bc4 Nxg4 15. hxg4
Bxg4 16. Bxg7 Rg8 17. Bf6 Qd7 18. Rxh7 O-O-O 19. c3 Bg3+ 20. Kf1 Qf5+ 21. Kg2
Qf2+ 22. Kh1 Bf3# 0-1

[Event "Challenge"]
[Site "http://www.queenalice.com/game.php?id=334874"]
[Date "2008.1.11"]
[Round "-"]
[White "superhomem222"]
[Black "Carteiro"]
[Result "1-0"]
[WhiteElo "1406"]
[BlackElo "1254"]

1. b3 e5 2. Bb2 Nc6 3. a3 d5 4. e3 Nf6 5. a4 Be6 6. d3 Bd6 7. h3 e4 8. dxe4 dxe4
9. c4 O-O 10. f4 Qe7 11. g4 Rad8 12. g5 Bb4+ 13. Bc3 Rxd1+ 14. Kxd1 Rd8+ 15. Ke1
Qd6 16. Ne2 Bxc3+ 17. Nexc3 Nb4 18. gxf6 g6 19. Nxe4 Qb6 20. c5 Nc2+ 21. Kf2
Nxa1 22. cxb6 axb6 23. Nbc3 Bxb3 24. Bb5 Nc2 25. Rc1 Na3 26. Ne2 Nxb5 27. Rb1
Bxa4 28. Rb4 Nc3 29. N4xc3 Bd7 30. h4 h6 31. Nd5 c6 32. Ne7+ Kh7 33. Rxb6 Rb8
34. Nc3 g5 35. fxg5 hxg5 36. hxg5 c5 37. Kg3 Rd8 38. Rxb7 Be6 39. Rb1 Rd3 40.
Rh1+ 1-0

[Event "Challenge"]
[Site "http://www.queenalice.com/game.php?id=334880"]
[Date "2008.1.11"]
[Round "-"]
[White "superhomem222"]
[Black "Carteiro"]
[Result "1-0"]
[WhiteElo "1382"]
[BlackElo "1332"]

1. Nc3 Nc6 2. g3 Nf6 3. e3 e6 4. b3 d5 5. a3 Be7 6. Bb2 O-O 7. Bd3 e5 8. f4 exf4
9. gxf4 Bd6 10. h3 Nh5 11. Qxh5 h6 12. Nf3 Ne7 13. Ng5 Bf5 14. Nf3 Ng6 15. Bxf5
Re8 16. Bxg6 fxg6 17. Qxg6 Bxf4 18. Nxd5 Be5 19. Bxe5 Rxe5 20. Nxe5 Qf8 21. Rf1
Qd8 22. Qe6+ Kh7 23. Ne7 Kh8 24. Nf7+ Kh7 25. Nxd8 Rxd8 26. Qg6+ Kh8 27. Rf7 Rg8
28. Nxg8 Kxg8 29. Qxg7# 1-0

[Event "Challenge"]
[Site "http://www.queenalice.com/game.php?id=335000"]
[Date "2008.1.11"]
[Round "-"]
[White "Carteiro"]
[Black "amaralch7"]
[Result "0-1"]
[WhiteElo "1273"]
[BlackElo "1440"]

1. e4 e5 2. Nf3 d6 3. Bc4 c6 4. O-O d5 5. Bd3 Bd6 6. Nc3 d4 7. Ne2 Bg4 8. Ne1
Nf6 9. c3 Qe7 10. Nf3 Bxf3 11. gxf3 Nh5 12. Ng3 Nf4 13. Bc4 Nd7 14. Nf5 Qg5+ 15.
Ng3 Nf6 16. Kh1 g6 17. Rg1 Qh4 18. Bf1 dxc3 19. dxc3 O-O-O 20. Bxf4 exf4 21. Qd4
fxg3 22. fxg3 Bxg3 23. Bh3+ Kb8 24. Rxg3 Rxd4 25. b4 Nh5 26. cxd4 Nxg3+ 27. Kg2
Ne2 28. d5 Nf4+ 29. Kf1 Nxh3 30. Ke2 Qf2+ 31. Kd3 Qxf3+ 32. Kc4 Qxe4+ 33. Kb3
Qxd5+ 34. Ka4 Re8 35. a3 Re3 0-1

[Event "Challenge"]
[Site "http://www.queenalice.com/game.php?id=337164"]
[Date "2008.1.16"]
[Round "-"]
[White "MurielleLyon"]
[Black "Carteiro"]
[Result "1-0"]
[WhiteElo "1572"]
[BlackElo "1278"]

1. e4 c5 2. d3 d6 3. Nf3 Nf6 4. Qe2 Nc6 5. c3 e6 6. Nbd2 b5 7. Ng5 e5 8. Ndf3
Ne7 9. Nh4 d5 10. g3 d4 11. cxd4 cxd4 12. Qc2 Ng6 13. Bd2 a5 14. Bh3 h6 15. Ngf3
Nxh4 16. Qc6+ Bd7 17. Bxd7+ Nxd7 18. Nxh4 b4 19. a3 b3 20. a4 Bb4 21. Nf5 Bxd2+
22. Kxd2 O-O 23. Rac1 Nf6 24. Rhg1 Ng4 25. Qc5 Nxh2 26. Nh4 g5 27. Rh1 Ng4 28.
Nf5 Qf6 29. f3 Rfe8 30. fxg4 Rac8 31. Qd6 Rc2+ 32. Rxc2 Qxd6 33. Nxd6 Rd8 34.
Rc6 f6 35. Rxh6 Kg7 36. Nf5+ Kg8 37. Rcxf6 Rd7 38. Rhg6+ Kh7 39. Rh6+ Kg8 40.
Rfg6+ Kf8 41. Rh8+ Kf7 42. Rhh6 Kf8 43. Rh8+ Kf7 44. Rg7+ Ke6 45. Rh6# 1-0

[Event "Challenge"]
[Site "http://www.queenalice.com/game.php?id=338033"]
[Date "2008.1.17"]
[Round "-"]
[White "Carteiro"]
[Black "superhomem222"]
[Result "0-1"]
[WhiteElo "1295"]
[BlackElo "1394"]

1. e4 Nf6 2. e5 Nd5 3. d4 a6 4. Nf3 h6 5. c4 Nb6 6. Nc3 d5 7. c5 Nc4 8. b3 Na5
9. Bd3 b5 10. b4 Nb7 11. O-O c6 12. Ne2 Bg4 13. Nh4 e6 14. h3 Bxe2 15. Bxe2 Qxh4
16. Kh2 a5 17. Bd2 Qxd4 18. f4 Be7 19. Qe1 axb4 20. Rd1 Bxc5 21. Rf3 Rxa2 22.
Be3 Qb2 23. Bd2 Na5 24. f5 Qxe5+ 25. Bf4 Qxe2 26. Qxe2 Rxe2 27. Bxb8 O-O 28. Bc7
Ra8 29. Bg3 Nc4 30. h4 Raa2 31. Kh3 Rxg2 32. Bf4 exf5 33. Rg3 Rh2# 0-1

[Event "Challenge"]
[Site "http://www.queenalice.com/game.php?id=338075"]
[Date "2008.1.17"]
[Round "-"]
[White "superhomem222"]
[Black "Carteiro"]
[Result "0-1"]
[WhiteElo "1397"]
[BlackElo "1235"]

1. d4 c5 2. dxc5 Nc6 3. a3 a5 4. b3 b6 5. cxb6 Qxb6 6. Be3 Qc7 7. g3 e5 8. Nc3
Nf6 9. Bg2 Be7 10. Qd2 d6 11. h3 Ba6 12. Na4 d5 13. Bb6 Qd7 14. Nc5 Qc8 15. Bxd5
Nxd5 16. Qxd5 Nd4 17. O-O-O O-O 18. Nd7 Qxc2# 0-1

[Event "Challenge"]
[Site "http://www.queenalice.com/game.php?id=338076"]
[Date "2008.1.17"]
[Round "-"]
[White "Carteiro"]
[Black "superhomem222"]
[Result "1-0"]
[WhiteElo "1272"]
[BlackElo "1398"]

1. Nf3 g6 2. Nc3 e6 3. e4 a6 4. d4 Bg7 5. e5 Bf8 6. Ng5 h6 7. Nce4 hxg5 8. Nxg5
Bh6 9. Qg4 f5 10. Qg3 Nf6 11. exf6 Qxf6 12. c3 b6 13. Be2 Bb7 14. Bf3 c6 15. O-O
O-O 16. h4 c5 17. h5 Bxf3 18. Qxf3 Nc6 19. Nxe6 dxe6 20. Bxh6 Rfc8 21. Qg3 Kh7
22. Bg5 Qf7 23. Qh4 Rh8 24. Bf6 g5 25. Qxg5 Rag8 26. Qh4 Rg4 27. Qh3 Qxf6 28. g3
c4 29. f3 Rg5 30. g4 Rhg8 31. Rf2 fxg4 32. Qg3 Rxh5 33. Rh2 gxf3 34. Rxh5+ Qh6
35. Rxh6+ Kxh6 36. Qxg8 Ne7 37. Qf8+ Kg6 38. Kf2 Nf5 39. Rg1+ Kh5 40. Qf7+ Kh4
41. Qh7+ Nh6 42. Qxh6# 1-0

[Event "Challenge"]
[Site "http://www.queenalice.com/game.php?id=339513"]
[Date "2008.1.20"]
[Round "-"]
[White "Carteiro"]
[Black "superhomem222"]
[Result "0-1"]
[WhiteElo "1314"]
[BlackElo "1407"]

1. e4 e6 2. Nf3 h6 3. d4 d6 4. Nc3 a6 5. Bd3 c6 6. O-O g5 7. d5 b5 8. b4 Bg7 9.
Bb2 e5 10. Ne2 g4 11. Nd2 Qg5 12. Ng3 Qf4 13. Bc1 Qf6 14. Nf5 Bxf5 15. exf5 h5
16. Ne4 Qd8 17. Bg5 Qxg5 18. Nxg5 cxd5 19. Be2 e4 20. Qxd5 Ra7 21. Qxe4+ Ne7 22.
Rad1 Be5 23. Rxd6 Bxd6 24. f6 Rd7 25. g3 Rh6 26. Nh7 Rg6 27. c4 bxc4 28. Qxc4
Nf5 29. Qc8+ Rd8 30. Qxf5 Nc6 31. Re1 Ne5 32. Bxa6 Bxb4 33. Rxe5+ Be7 0-1

[Event "Challenge"]
[Site "http://www.queenalice.com/game.php?id=342714"]
[Date "2008.1.25"]
[Round "-"]
[White "amaralch7"]
[Black "Carteiro"]
[Result "1/2-1/2"]
[WhiteElo "1452"]
[BlackElo "1275"]

1. e4 c5 2. d4 b6 3. d5 d6 4. Nf3 e6 5. Ng5 Nf6 6. Nxf7 Kxf7 7. Bg5 Be7 8. Bxf6
Bxf6 9. Qf3 Rf8 10. Nc3 Kg8 11. e5 Bxe5 12. Qe4 Qf6 13. f3 Bb7 14. Qg4 exd5 15.
O-O-O Bxc3 16. bxc3 Qxc3 17. Qe6+ Kh8 18. Qe7 Nc6 19. Qxd6 Nb4 20. Qc7 Nc6
1/2-1/2

[Event "Partida Desafio"]
[Site "http://www.queenalice.com/game.php?id=343598"]
[Date "2008.1.27"]
[Round "-"]
[White "mrmelo"]
[Black "Carteiro"]
[Result "1-0"]
[WhiteElo "1580"]
[BlackElo "1337"]

1. e4 d6 2. d4 e6 3. Be3 Be7 4. Qd2 Bd7 5. Be2 Nf6 6. Nc3 Nc6 7. Nf3 O-O 8. O-O
e5 9. dxe5 dxe5 10. Rad1 Bb4 11. a3 Nxe4 12. Qc1 Bd6 13. Nxe4 Qe7 14. Nxd6 cxd6
15. Bd3 Bg4 16. Rfe1 Bxf3 17. gxf3 Qh4 18. Be4 f5 19. Bxc6 bxc6 20. Rxd6 f4 21.
Bc5 Rae8 22. Rxc6 Rf5 23. Kf1 e4 24. b4 Qh3+ 25. Ke2 Qxf3+ 26. Kf1 Qh3+ 27. Ke2
f3+ 28. Ke3 Qh6+ 29. Rxh6 gxh6 30. Rg1+ Kf7 31. Qf1 h5 32. Qh3 Rd8 33. Qxf5+ 1-0

[Event "Challenge"]
[Site "http://www.queenalice.com/game.php?id=356405"]
[Date "2008.2.18"]
[Round "-"]
[White "RuCam"]
[Black "Carteiro"]
[Result "1-0"]
[WhiteElo "1344"]
[BlackElo "1330"]

1. e4 c5 2. Bc4 Nf6 3. Nc3 Nc6 4. Nf3 e6 5. d3 Be7 6. O-O d5 7. exd5 exd5 8. Bb3
a6 9. Bg5 Ng4 10. Be3 d4 11. h3 h5 12. Nd5 O-O 13. Nxe7+ 1-0